000
00321nam a2200109Ia 4500
008
200302s9999 xx 000 0 und d
100
_a
B. N. Dutta
245
_a
Estimating and costing in civil engineering theory and practice 28th ed.
260
_b
U B S Publishers Distributors Pvt. Ltd.
260
_c
2017
300
_a
904
999
_c
6716
_d
6716